मार्केटिंग,पब्लिक रिलेशन्स अँण्ड अँडव्हटायझिंग / (Record no. 52596)
[ view plain ]
| 000 -LEADER | |
|---|---|
| fixed length control field | 01203nam a22002297a 4500 |
| 005 - DATE AND TIME OF LATEST TRANSACTION | |
| control field | 2011052506566.0 |
| 008 - FIXED-LENGTH DATA ELEMENTS--GENERAL INFORMATION | |
| fixed length control field | 110525t xxu||||| |||| 00| 0 mar d |
| 010 ## - LCCN (DPL NO) | |
| LC control number | MAR-20891 |
| 020 ## - INTERNATIONAL STANDARD BOOK NUMBER | |
| Terms of availability | 250.00 |
| 035 ## - SYSTEM CONTROL NUMBER | |
| System control number | MR-13549 |
| 037 ## - SOURCE OF ACQUISITION | |
| Source of stock number/acquisition | DBAD / PUB |
| 040 ## - CATALOGING SOURCE | |
| Original cataloging agency | DPL |
| Language of cataloging | MR |
| 082 ## - DEWEY DECIMAL CLASSIFICATION NUMBER | |
| Classification number | 658.8 |
| 100 ## - MAIN ENTRY--PERSONAL NAME | |
| Personal name | घाटपांडे,महेश |
| 9 (RLIN) | 28233 |
| 245 ## - TITLE STATEMENT | |
| Title | मार्केटिंग,पब्लिक रिलेशन्स अँण्ड अँडव्हटायझिंग / |
| Statement of responsibility, etc | महेश घाटपांडे तथा योगेन्द्र ठाकूर |
| 246 ## - VARYING FORM OF TITLE | |
| Title proper/short title | Marketing,Public Relations and Adertising |
| Remainder of title | by Mahesh Ghatpande and Yogender Thakur |
| 260 ## - PUBLICATION, DISTRIBUTION, ETC. (IMPRINT) | |
| Place of publication, distribution, etc | मुंबई |
| Name of publisher, distributor, etc | आमोद प्रकाशन |
| Date of publication, distribution, etc | 2009 |
| 270 ## - ADDRESS | |
| Address | 58,गोयल ट्रेड सेंटर, बोरिवली (पूर्व) |
| City | मुंबई |
| Postal code | 400066 |
| 300 ## - PHYSICAL DESCRIPTION | |
| Extent | 240पृ. |
| Dimensions | 21 सेमी (अजिल्द) |
| 942 ## - ADDED ENTRY ELEMENTS (KOHA) | |
| Source of classification or shelving scheme | Dewey Decimal Classification |
| Item type | Marathi Books |
| Call number suffix | घाटपां |
| Classification part | 658.8 |
| Withdrawn status | Lost status | Source of classification or shelving scheme | Damaged status | Not for loan | Collection code | Home library | Current library | Date acquired | Source of acquisition | Cost, normal purchase price | Total Checkouts | Full call number | Barcode | Date last seen | Copy number | Cost, replacement price | Koha item type |
|---|---|---|---|---|---|---|---|---|---|---|---|---|---|---|---|---|---|
| Dewey Decimal Classification | Not For Loan | Non-fiction | D.B.Act.Division | D.B.Act.Division | 25/05/2011 | DBAD / PUB | 250.00 | 658.8घाटपां | MR-13549 | 25/05/2011 | 1 | 250.00 | Marathi Books |
